New retail
Saved in:
| Main Author: | |
|---|---|
| Format: | Book |
| Language: | English |
| Published: |
London
PHAIDON
2005
|
| Subjects: | |
| Tags: |
No Tags, Be the first to tag this record!
|
MARC
| LEADER | 00000nam a2200000 4500 | ||
|---|---|---|---|
| 001 | 0237474 | ||
| 005 | 20240315121756.0 | ||
| 020 | |a 0-7148-4499-3 | ||
| 041 | 0 | |a eng | |
| 044 | |a GB | ||
| 245 | 1 | 0 | |a New retail |c Raul A. Barreneche |
| 264 | 1 | |a London |b PHAIDON |c 2005 | |
| 300 | |a 199 s. | ||
| 610 | 2 | 0 | |a architektúra |
| 610 | 2 | 0 | |a maloobchod |
| 610 | 2 | 0 | |a predaj |
| 610 | 2 | 0 | |a zákazníci |
| 610 | 2 | 0 | |a dizajn |
| 610 | 2 | 0 | |a nábytok |
| 610 | 2 | 0 | |a predmety dekoračné |
| 610 | 2 | 0 | |a predajne |
| 610 | 2 | 0 | |a supermarkety |
| 610 | 2 | 0 | |a porovnanie medzinárodné |
| 100 | 1 | |a Barreneche, Raul A. | |